Подробности
| 000 -МАРКЕР |
| контрольное поле |
04253nam0a22005291 4500 |
| 001 - ИДЕНТИФИКАТОР ЗАПИСИ |
| контрольное поле |
v19\rc\2109824 |
| 005 - ИДЕНТИФИКАТОР ВЕРСИИ |
| контрольное поле |
20260408083750.0 |
| 035 ## - ДРУГИЕ СИСТЕМНЫЕ НОМЕРА |
| Идентификатор записи |
(NLR Aleph) 005185764 |
| 100 ## - ДАННЫЕ ОБЩЕЙ ОБРАБОТКИ |
| Данные общей обработки |
20090914d1804 |||y0rusy50 ca |
| 101 1# - ЯЗЫК РЕСУРСА |
| Язык текста, звукозаписи и т.д. |
русский |
| Язык оригинала |
немецкий |
| 102 ## - СТРАНА ПУБЛИКАЦИИ ИЛИ ПРОИЗВОДСТВА |
| Страна публикации |
Российская Федерация |
| 135 ## - ПОЛЕ КОДИРОВАННЫХ ДАННЫХ: ЭЛЕКТРОННЫЕ РЕСУРСЫ |
| Кодированные данные для электронного ресурса |
crcn 024anaba |
| 140 ## - ПОЛЕ КОДИРОВАННЫХ ДАННЫХ: СТАРОПЕЧАТНЫЕ ИЗДАНИЯ - ОБЩАЯ ИНФОРМАЦИЯ |
| Кодированные данные о старопечатном издании - Основные |
y y zz yaa0000 |
| 200 1# - ЗАГЛАВИЕ И СВЕДЕНИЯ ОБ ОТВЕТСТВЕННОСТИ |
| Основное заглавие |
Облако над святилищем, или Нечто такое, о чем гордая философия и грезить не смеет. |
| Первые сведения об ответственности |
Сочинение г. Эккартсгаузена, изданное в 1802 году |
| 210 ## - ПУБЛИКАЦИЯ, РАСПРОСТРАНЕНИЕ И ДР. |
| Место издания, распространения и т.д. |
Санктпетербург |
| Имя издателя, распространителя и т. д. |
иждивением переводчика |
| -- |
в Императорской типографии |
| Дата издания, распространения и т.д. |
1804 |
| 215 ## - ФИЗИЧЕСКАЯ ХАРАКТЕРИСТИКА |
| Специфическое обозначение материала и объем |
[2], II, 154, [2] с. |
| Размеры |
12° |
| 300 ## - ОБЩИЕ ПРИМЕЧАНИЯ |
| Текст примечания |
Ценз. (тит. л.): Спб. гражд. губернатор |
| 300 ## - ОБЩИЕ ПРИМЕЧАНИЯ |
| Текст примечания |
На с.I-II предисл. пер. с подписью: У. М. [Ученик Мудрости] (псевд. А.Ф.Лабзина) |
| 300 ## - ОБЩИЕ ПРИМЕЧАНИЯ |
| Текст примечания |
Пер. А. Ф. Лабзин |
| 300 ## - ОБЩИЕ ПРИМЕЧАНИЯ |
| Текст примечания |
От переводчика. У.М. [Ученик мудрости - псевд. А.Ф. Лабзина] |
| 316 ## - ПРИМЕЧАНИЯ ОБ ОСОБЕННОСТЯХ ЭКЗЕМПЛЯРА |
| Текст примечания |
Экз. РНБ (137/776) в составном картонном пер., рифленой черной кожей, с кожаными гладкими коричневым корешком и черными уголками. Корешок и уголки украшены рамками блинтового тиснения. Корешок гладкий, с золотым тиснением и загл.: "Облако". Внизу корешка золотого тиснения инициалы: "Н.С.". На нижней крышке пер. экслибрис рус. фонда ГПБ с шифром. Обрез тонированный красный. На форзаце ярлык с шифром РНБ. На нахзаце шрифт. ярлык переплетной мастерской П.О.Яблонского. На обороте тит. л. и с.33 круглый штамп ГПБ. Размер: 17,0х10,7х1,9 см |
| Организация и экземпляр, к которому относится поле |
NLR: 137/776 |
| 325 ## - ПРИМЕЧАНИЕ О КОПИИ |
| Текст примечания |
Копия доступна в Электрон. б-ке РНБ |
| 327 1# - ПРИМЕЧАНИЯ О СОДЕРЖАНИИ |
| Текст примечания |
Из содерж.: Небо на земли, или Христос в сердцах чедовеческих: [стихотворение] (С.149-154) |
| 464 #0 - АНАЛИТИЧЕСКИЙ УРОВЕНЬ |
| Встроенное поле |
2001#$aНебо на земли, или Христос в сердцах чедовеческих$e[стихотворение] |
| -- |
215##$aС.149-154 |
| -- |
5171#$aХристос в сердцах чедовеческих |
| -- |
700#1$aЭккартсгаузен$bК. фон$f1752-1803$3RU\NLR\AUTH\7790795$gКарл фон |
| Заглавие |
Небо на земли, или Христос в сердцах чедовеческих |
| Автор |
Эккартсгаузен, Карл фон (1752-1803) |
| 517 0# - ДРУГИЕ ВАРИАНТЫ ЗАГЛАВИЯ |
| Вариант заглавия |
Нечто такое, о чем гордая философия и грезить не смеет |
| 620 ## - МЕСТО И ДАТА ПУБЛИКАЦИИ, ИСПОЛНЕНИЯ И Т. Д. |
| Город |
Санкт-Петербург |
| 700 #1 - ИМЯ ЛИЦА - ПЕРВИЧНАЯ ОТВЕТСТВЕННОСТЬ |
| Материалы, к которым относится поле |
rus |
| Графика поля |
Кириллица |
| Начальный элемент ввода |
Эккартсгаузен |
| Часть имени, кроме начального элемента ввода |
К. фон |
| Даты |
1752-1803 |
| Расширение инициалов личного имени |
Карл фон |
| Идентификатор авторитетной/нормативной записи |
RU\NLR\AUTH\7790795 |
| Системный номер авторитетной/нормативной записи |
73722 |
| 702 #1 - ИМЯ ЛИЦА - ВТОРИЧНАЯ ОТВЕТСТВЕННОСТЬ |
| Код отношения |
Переводчик |
| Материалы, к которым относится поле |
rus |
| Графика поля |
Кириллица |
| Начальный элемент ввода |
Лабзин |
| Часть имени, кроме начального элемента ввода |
А. Ф. |
| Даты |
1766-1825 |
| Расширение инициалов личного имени |
Александр Федорович |
| Идентификатор авторитетной/нормативной записи |
RU\NLR\AUTH\77127147 |
| Системный номер авторитетной/нормативной записи |
110071 |
| 702 #1 - ИМЯ ЛИЦА - ВТОРИЧНАЯ ОТВЕТСТВЕННОСТЬ |
| Код отношения |
Переплетчик |
| Материалы, к которым относится поле |
rus |
| Графика поля |
Кириллица |
| Начальный элемент ввода |
Яблонский |
| Часть имени, кроме начального элемента ввода |
П. О. |
| Даты |
1845-1912 |
| Расширение инициалов личного имени |
Петр Осипович |
| Идентификатор авторитетной/нормативной записи |
RU\NLR\AUTH\7753437 |
| Системный номер авторитетной/нормативной записи |
36369 |
| 712 02 - НАИМЕНОВАНИЕ ОРГАНИЗАЦИИ - ВТОРИЧНАЯ ОТВЕТСТВЕННОСТЬ |
| Код отношения |
Печатник (типограф) |
| Начальный элемент ввода |
Императорская типография Вейтбрехта |
| Идентифицирующий признак |
Петербург |
| Идентификатор авторитетной/нормативной записи |
RU\NLR\AUTH\8810171428 |
| Системный номер авторитетной/нормативной записи |
838690 |
| 790 #0 - ИМЯ ЛИЦА - АЛЬТЕРНАТИВНАЯ ФОРМА |
| Связь между полями |
z01702 |
| Начальный элемент ввода |
У.М. |
| 790 #0 - ИМЯ ЛИЦА - АЛЬТЕРНАТИВНАЯ ФОРМА |
| Связь между полями |
z02702 |
| Начальный элемент ввода |
Ученик мудрости |
| 801 #0 - ИСТОЧНИК ЗАПИСИ |
| Страна |
Российская Федерация |
| Организация |
NLR |
| Правила каталогизации |
psbo |
| 801 #1 - ИСТОЧНИК ЗАПИСИ |
| Страна |
Российская Федерация |
| Организация |
ProSoft-M |
| Источник данных |
rusmarc |
| 852 ## - МЕСТОНАХОЖДЕНИЕ И ШИФР ХРАНЕНИЯ |
| Идентификатор организации |
NLR |
| Шифр хранения (Call Number) |
18.81.6.22 |
| 852 ## - МЕСТОНАХОЖДЕНИЕ И ШИФР ХРАНЕНИЯ |
| Идентификатор организации |
NLR |
| Шифр хранения (Call Number) |
137/776 |
| 852 ## - МЕСТОНАХОЖДЕНИЕ И ШИФР ХРАНЕНИЯ |
| Идентификатор организации |
NLR |
| Наименование фонда или коллекции (Sub-Location Identifier) |
Мф |
| Шифр хранения (Call Number) |
К1/19777 |
| 942 ## - ДОПОЛНИТЕЛЬНЫЕ ЭЛЕМЕНТЫ ЗАПИСИ (АБИС) |
| Тип экземпляра АБИС |
Книга |
| 980 ## - КОЛЛЕКЦИЯ |
| Название коллекции |
Национальная библиография |
| 980 3# - КОЛЛЕКЦИЯ |
| Название коллекции |
|
| 981 20 - КОЛЛЕКЦИЯ ЭЛЕКТРОННОЙ БИБЛИОТЕКИ |
| Название коллекции |
Книжные памятники РНБ |
| Название подколлекции |
Русский книжный фонд |